000 00822nam a2200241Ia 4500
003 GCL
008 140319s9999 xx 000 0 ara d
020 _a6197402977
040 _aGCL /
_cGCL
082 0 4 _a189.3
_bغ ت
100 1 _aسليمان دنيا
245 1 0 _aتهافت الفلاسفة ( ط 7 ) /
_cسليمان دنيا
700 1 _aالغزالى : حجة الاسلام ابو حامد محمد بن محمد بن محمد بن احمد الطوسى
250 _aالسابعة
260 _aالقاهرة :
_bدار المعارف ،
_c1972
300 _a371 ص ؛
_c24 سم
490 _aذخائر العرب
_v15
650 0 4 _aالفلسفة الاسلامية
650 0 4 _aالفلسفة
650 0 4 _aالفلاسفة المسلمون
650 0 4 _aالغزالى
942 _2ddc
_cBK
999 _c39221
_d39221